00427nam a22001337a 4500003000400000005001700004008004100021040002200062082001800084100003300102245008800135260005100223300001900274OSt20221027210006.0221027b |||||||| |||| 00| 0 eng d cBiblioteca Lado V 2700.74aD559b aDiego, Estrella dedcuradora a49 Bienal de Venecia Pabellón de España /bViaje a Venecia a Journey to Venice/ aMadridc2001bMinisterio de Asuntos Exteriores a180p.c17x25cm